Największe miasta założone przez Holendrów - Statystyki

Ogólne statystyki
  • Ten quiz został rozwiązany 1 175 razy
  • Średni wynik to 8 z 20
Odpowiedzi na mapie
Odpowiedzi zakodowano w zielono-czerwonej skali na mapie do tego quizu, zgodnie z poniższymi procentami.
 
Statystyki odpowiedzi
Populacja Dodatkowa wskazówka Cities % Poprawnych
8,5 mln Nowy Jork
97%
920 tys Amsterdam
96%
660 tys Rotterdam
86%
10,5 mln Dżakarta
74%
3,5 mln Kapsztad
74%
4,9 mln Johannesburg
71%
1,7 mln Pretoria
61%
2 mln Akra
43%
150 tys Stolica Mauritiusu Port Louis
25%
1,6 mln Recife
22%
2,7 mln Fortaleza
21%
100 tys Stolica Nowego Jorku Albany
17%
2,4 mln Bandung
13%
100 tys Stolica Curacao Willemstad
11%
120 tys Stolica Connecticut Hartford
10%
1,2 mln Tainan
8%
60 tys Drugie największe miasto w Namibii Walvis Bay
8%
70 tys Największe miasto w Delaware Wilmington
8%
2 mln Bogor
6%
2,3 mln Depok
6%
Nie znaleziono quizów pasujących do podanych kryteriów
Rozkład punktacji
Procent ludzi z każdym wynikiem
Percentyl według liczby udzielonych odpowiedzi
Twoja historia wyników
Nie rozwiązałeś tego quizu